000 00561nam a22002177a 4500
003 OSt
005 20140310183120.0
008 130206t xxu||||| |||| 00| 0 eng d
020 _a9712342905
050 _aDS 668
_b.On58 2005
082 _aFIL 959.9
_bOn3 2005
245 _aThe Study of Philippine history
_cOngsotto, Rebecca R.
260 _aManila
_bRex Book Store
_cc2005
300 _axx, 408 p.
_c23 cm.
521 _acollege students
526 _c1210L-1700L
541 _j1
541 _j2
562 _e2
942 _2lcc
_cBK
_kFIL
999 _c18920
_d18920